01309cam a22003135a 45000010009000000050017000090080041000260100017000670200018000840400068001020820017001701000032001872450077002192500034002962600059003303000025003895000024004145040031004386510010004696530024004796550024005036500041005277000028005689420021005969990017006179520115006349520131007499520115008801587279320201128020815.0090819s2009 enk frb 001 0 eng d a 2009455750 a9780230213111 aUKMbengcUKMdBWKUKdBWKdNLGGCdBWXdCDXdVP@dDLCdEG-ScBUE 04a327bBRO2221 aBrown, Chris,d1945-91234410aUnderstanding international relations /cChris Brown and Kirsten Ainley. a4th ed., Revised and updated. aBasingstoke ;aNew York :bPalgrave Macmillan, c2009. axi, 321 p. ;c24 cm. aIndex : p. 310-321. aBibliography : p. 269-309. 2BUEsh bBUSBOLcOctober2015 vReading book934232 791135aInternational relations2BUEsh1 aAinley, Kirsten.912346 2ddccNBk327 BRO c13605d13605 00102ddc40708BaccahaMAINbMAINc1STd2010-03-07epurchasel0o327 BROp000020056r2025-07-15 00:00:00yNB 00102ddc40708BaccahaMAINbMAINc1STd2010-03-07epurchasel7m29o327 BROp000020055r2025-07-15 00:00:00s2020-02-17yBB 00102ddc40708BaccahaMAINbMAINc1STd2015-10-01ePurchasel0o327 BROp000030998r2025-07-15 00:00:00yNB